000 01280cab a2200277 4500
001 ABS55053
008 090401t1996 xxu||||| |||| 00| 0 eng d
035 _a(Sirsi) u13840
041 _aeng
245 _aBraintree DC and others v SoS Environment and others
260 _c1996
350 _a0
490 _aProperty and Compensation Reports
_v[1996] 71 P&CR 323-336(4)
520 _aQBD 29 September 1995. Two schemes were put forward for the development of food retail units near a new residential settlement. The second scheme was larger than the first. At debate was whether each of the propsals could be viewed as a `local centre` as permitted in the outline planning permission. It was decided that both proposals fell within the term `local centre` comprising shops, selling primarily convenience goods and having a relatively limited catchment area.
650 _aBOVIS HOMES LTD
650 _aBRAINTREE DC AND OTHERS V SOS ENVIRONMENT AND OTHERS
650 _aDETAILED CONSENT
650 _aOUTLINE PLANNING PERMISSION
650 _aRESERVED MATTERS
650 _aSAFEWAY STORES PLC
650 _aSUPERMARKETS
650 _aTOWN AND COUNTRY PLANNING ACT 1990 S288
690 _aPLANNING LAW AND PRACTICE-CASE LAW
942 _n0
948 _c04/03/1997
999 _c8932
_d8932